| 000 | 00604nam a2200241Ia 4500 | ||
|---|---|---|---|
| 003 | OSt | ||
| 005 | 20221005090755.0 | ||
| 006 | a|||||r|||| 00| 0 | ||
| 007 | ta | ||
| 008 | 221004b |||||||| |||| 00| 0 eng d | ||
| 024 | _a31387 | ||
| 037 | _cTextual | ||
| 040 |
_aCRL _cCRL _beng |
||
| 041 |
_2eng _aeng |
||
| 082 | _a3(P111), L6 | ||
| 100 |
_aStein M L _9615581 |
||
| 245 | 0 | _aHow to write plain English | |
| 260 |
_aNew York _bMonarch _c1976 |
||
| 300 |
_a144p _ccm. |
||
| 650 | _aBOOK INDUSTRY | ||
| 942 |
_h3(P111), L6 _cTEXL _2cc |
||
| 999 |
_c996339 _d996339 |
||